Drapeaux de pays soumis à la gravité #1 - Statistiques

Statistiques générales
  • Ce quiz a été pris 27 049 fois
  • Le résultat moyen est 11 sur 16
Statistiques - réponses
Par images Réponse % Correct
Brésil
100%
Chine
98%
Israël
93%
Arabie saoudite
87%
Nouvelle-Zélande
86%
Algérie
84%
Kazakhstan
78%
Laos
70%
Mauritanie
56%
Papouasie-Nouvelle-Guinee
56%
Zambie
52%
États fédérés de Micronésie
50%
Maldives
49%
Samoa
46%
Saint Vincent et les Grenadines
44%
Timor oriental
39%
Aucun quiz correspondant
Distribution des résultats
% des personnes avec chaque résultat
Percentile par nombre de réponses
Votre historique - résultats
Vous n’avez pas pris ce quiz